Γυναικείες και ανδρικές αναπαραστάσεις στη λογοτεχνία για παιδιά και νέους
Αποθηκεύτηκε σε:
| Άλλοι συγγραφείς: | , , |
|---|---|
| Μορφή: | Βιβλίο |
| Γλώσσα: | Greek |
| Δημοσίευση: |
Αθήνα :
Παπαδόπουλος,
2013.
|
| Θέματα: | |
| Ετικέτες: |
Προσθήκη ετικέτας
Δεν υπάρχουν, Καταχωρήστε ετικέτα πρώτοι!
|
MARC
| LEADER | 00000cam a2200000 i 4500 | ||
|---|---|---|---|
| 001 | 1/39239 | ||
| 008 | 131216s2013 gr | ||| |||| ||gre|| | ||
| 020 | |a 9789604844326 | ||
| 035 | |l 10116165 | ||
| 040 | |a GR-MY-UA |b gre |e aacr | ||
| 041 | 0 | |a gre | |
| 082 | 7 | |a 809.89287 |2 (22) | |
| 245 | 0 | 0 | |a Γυναικείες και ανδρικές αναπαραστάσεις στη λογοτεχνία για παιδιά και νέους / |c επιμέλεια: Διαμάντη Αναγνωστοπούλου, Γιάννης Σ. Παπαδάτος, Γεώργιος Παπαντωνάκης. |
| 260 | |a Αθήνα : |b Παπαδόπουλος, |c 2013. | ||
| 300 | |a 372 σ. ; |c 24 εκ. | ||
| 504 | |a Περιλαμβάνει βιβλιογραφικές παραπομπές. | ||
| 650 | 0 | 0 | |a Women in literature. |
| 650 | 0 | 0 | |a Men in literature. |
| 650 | 0 | 0 | |a Gender identity |z Fiction. |
| 650 | 0 | 0 | |a Gender identity in literature. |
| 700 | 1 | |a Αναγνωστοπούλου, Διαμάντη, |e edtf | |
| 700 | 1 | |a Παπαδάτος, Γιάννης Σ. |e edt | |
| 700 | 1 | |a Παπαντωνάκης, Γεώργιος Δ., |d 1950- |e edt | |
| 852 | |a INST |b RHODES |e 20131216 |h 809.89287 ΓΥΝ |p 005400035929 |q 005400035929 |t BK |y 4 |x 20210622 | ||
| 852 | |a INST |b RHODES |c EUDOXUS |e 20140513 |h 809.89287 ΓΥΝ |p 005400036406 |q 005400036406 |t EDX |y 0 | ||
| 852 | |a INST |b RHODES |c EUDOXUS |e 20140513 |h 809.89287 ΓΥΝ |p 005400036407 |q 005400036407 |t EDX |y 0 | ||
| 901 | |a BIBL4-2013-3 | ||
| 901 | |a BIBL4-2014-2 | ||
| 920 | |a ΕΥΔΟΞΟΣ |b ΠΑΡΑΓΓΕΛΙΑ |y Ρόδος-ΤΕΠΑΕΣ |z 2014-04 | ||
| 922 | |a 4ΕΛΗ | ||
| 970 | |z 2013/12/16 | ||